| 000 | 00755nam a22002657a 4500 | ||
|---|---|---|---|
| 003 | UA-OsUOA | ||
| 001 | 31060 | ||
| 007 | ta | ||
| 008 | 20041201b un ||||| |||| 00| 0 ukr d | ||
| 100 | _aЛященко П. И. | ||
| 090 |
_a947 _bЛ99 |
||
| 942 | _cBK | ||
| 040 |
_aUA-OsUOA _brus _cUA-OsUOA _dUA-OsUOA |
||
| 245 |
_aИстория народного хозяйства СССР _bКапитализм |
||
| 300 |
_a728 с. _bІлюстрації |
||
| 955 | _a0 | ||
| 041 | _arus | ||
| 080 | _a947 | ||
| 260 |
_aМосква _bГосударственное издательство политической литературы _c1956 |
||
| 246 | 3 | 1 |
_aТ. 2 _n |
| 044 | _aRU | ||
| 250 | _n4-е изд. | ||
| 650 | 7 | _2UDC | |
| 999 |
_c317481 _d317481 |
||